Report of the Resources Commission (Record no. 489380)

000 -LEADER
fixed length control field 00382cam a22001337a 4500
008 - FIXED-LENGTH DATA ELEMENTS--GENERAL INFORMATION
fixed length control field 180718b1993 xxu||||| |||| 00| 0 eng d
082 ## - DEWEY DECIMAL CLASSIFICATION NUMBER
Classification number Lx5453
100 ## - MAIN ENTRY--PERSONAL NAME
Personal name Kerala. Resources Commission
245 ## - TITLE STATEMENT
Title Report of the Resources Commission
260 ## - PUBLICATION, DISTRIBUTION, ETC.
Place of publication, distribution, etc. Trivandrum
Name of publisher, distributor, etc. The author
Date of publication, distribution, etc. 1993
300 ## - PHYSICAL DESCRIPTION
Extent 308+p.
500 ## - GENERAL NOTE
General note Chairman: V. Ramachandran
700 ## - ADDED ENTRY--PERSONAL NAME
Personal name Ramachandran, V. (Chairman)
Holdings
Withdrawn status Lost status Damaged status Not for loan Permanent Location Current Location Date acquired Full call number Barcode Date last seen Price effective from Koha item type
        Indian Institute of Public Administration Indian Institute of Public Administration 2018-08-04 Lx5453 GG21593 2018-08-04 2018-08-04 GG

Powered by Koha